মূল্য সংযোজন কর আইন ও বিধিমালা/ (Record no. 7315)
[ view plain ]
| 000 -LEADER | |
|---|---|
| fixed length control field | 00790nam a22002057a 4500 |
| 003 - CONTROL NUMBER IDENTIFIER | |
| control field | BUBTL |
| 008 - FIXED-LENGTH DATA ELEMENTS--GENERAL INFORMATION | |
| fixed length control field | 240510b ||||| |||| 00| 0 eng d |
| 041 ## - LANGUAGE CODE | |
| Language code of text/sound track or separate title | বাংলা ও ইংরেজী |
| 082 ## - DEWEY DECIMAL CLASSIFICATION NUMBER | |
| Edition number | ১ম সং |
| Classification number | 347/ B525v/ 2009 |
| 100 ## - MAIN ENTRY--PERSONAL NAME | |
| Personal name | বিপ্লব, আব্দুল কুদ্দুস |
| 9 (RLIN) | 5825 |
| 245 ## - TITLE STATEMENT | |
| Title | মূল্য সংযোজন কর আইন ও বিধিমালা/ |
| Remainder of title | আব্দুল কুদ্দুস বিপ্লব |
| 250 ## - EDITION STATEMENT | |
| Edition statement | ১ম সং |
| 260 ## - PUBLICATION, DISTRIBUTION, ETC. (IMPRINT) | |
| Place of publication, distribution, etc. | ঢাকা, |
| Name of publisher, distributor, etc. | মৈত্রী পাবলিকেশন্স |
| Date of publication, distribution, etc. | c2009 |
| 300 ## - PHYSICAL DESCRIPTION | |
| Extent | [17], 275 p. : |
| Other physical details | ill. ; 21 cm. |
| 526 ## - STUDY PROGRAM INFORMATION NOTE | |
| Program name | Law |
| 650 #0 - SUBJECT ADDED ENTRY--TOPICAL TERM | |
| Topical term or geographic name as entry element | Law |
| 856 ## - ELECTRONIC LOCATION AND ACCESS | |
| Password | 0 |
| Logon | 0 |
| Link text | Download |
| 942 ## - ADDED ENTRY ELEMENTS (KOHA) | |
| Source of classification or shelving scheme | |
| Koha item type | Books |
| Withdrawn status | Lost status | Source of classification or shelving scheme | Damaged status | Not for loan | Collection code | Permanent location | Current location | Shelving location | Date acquired | Source of acquisition | Inventory number | Total Checkouts | Full call number | Barcode | Date last seen | Copy number | Price effective from | Koha item type |
|---|---|---|---|---|---|---|---|---|---|---|---|---|---|---|---|---|---|---|
| Not For Loan | Non-fiction | Bangladesh University of Business and Technology Library | Bangladesh University of Business and Technology Library | Law Stacks | 09/02/2009 | Purchase | 7063 | 347/ B525v/ 2009 | BUBTL-20037063 | 05/10/2024 | C-1 | 05/10/2024 | Books | |||||
| Non-fiction | Bangladesh University of Business and Technology Library | Bangladesh University of Business and Technology Library | Law Stacks | 09/02/2009 | Purchase | 7064 | 347/ B525v/ 2009 | BUBTL-20037064 | 05/10/2024 | C-2 | 05/10/2024 | Books | ||||||
| Non-fiction | Bangladesh University of Business and Technology Library | Bangladesh University of Business and Technology Library | Law Stacks | 09/02/2009 | Purchase | 7065 | 347/ B525v/ 2009 | BUBTL-20037065 | 05/10/2024 | C-3 | 05/10/2024 | Books |
